Computer methods for solving dynamic separation problems (Record no. 7418)

000 -LEADER
fixed length control field 00666nam a2200229 a 4500
001 - CONTROL NUMBER
control field 7418
003 - CONTROL NUMBER IDENTIFIER
control field BD-DhUET
008 - FIXED-LENGTH DATA ELEMENTS--GENERAL INFORMATION
fixed length control field 820722s1983 nyua b 001 0 eng
020 ## - INTERNATIONAL STANDARD BOOK NUMBER
International Standard Book Number 0070295735
040 ## - CATALOGING SOURCE
Original cataloging agency DLC
Transcribing agency DLC
Modifying agency BD-DhUET
082 00 - DEWEY DECIMAL CLASSIFICATION NUMBER
Classification number 660.2842015194
Item number HOL/1983
100 ## - MAIN ENTRY--PERSONAL NAME
Personal name Holland, Charles D.
245 10 - TITLE STATEMENT
Title Computer methods for solving dynamic separation problems
250 ## - EDITION STATEMENT
Edition statement 1st ed.
260 ## - PUBLICATION, DISTRIBUTION, ETC. (IMPRINT)
Place of publication, distribution, etc. New York
Name of publisher, distributor, etc. McGraw-Hill
Date of publication, distribution, etc. 1983
300 ## - PHYSICAL DESCRIPTION
Extent xvi, 475p.
Other physical details ill.
Dimensions 25 cm.
490 ## - SERIES STATEMENT
Series statement McGraw-Hill chemical engineering series
504 ## - BIBLIOGRAPHY, ETC. NOTE
Bibliography, etc Includes bibliographies
650 #0 - SUBJECT ADDED ENTRY--TOPICAL TERM
Topical term or geographic name as entry element Seperation data processing
700 1# - ADDED ENTRY--PERSONAL NAME
Personal name Liapis, Athanasios I.
942 ## - ADDED ENTRY ELEMENTS (KOHA)
Koha item type General Book
Holdings
Koha normalized classification for sorting Koha date last borrowed Koha issues (times borrowed) Sublocation or collection (holding branch) Shelving location Not for loan Source of classification or shelving scheme Koha full call number Piece designation (barcode) Price effective from Damaged status Location (home branch) Date acquired Koha date last seen Lost status Copy number Withdrawn status Koha item type
660_284201519400000_HOL_1983  Central Library, BUETCirculation section  660.2842015194/HOL/1983717092014-12-09 Central Library, BUET2014-12-092014-12-09 1 General Book
660_284201519400000_HOL_1983  Central Library, BUETCirculation section  660.2842015194/HOL/1983 765132014-12-09 Central Library, BUET2014-12-092014-12-09 2 General Book
660_284201519400000_HOL_1983  Central Library, BUETCirculation section  660.2842015194/HOL/1983765142014-12-09 Central Library, BUET2014-12-092014-12-09 3 General Book
660_284201519400000_HOL_19832017-05-091Central Library, BUETCirculation section  660.2842015194/HOL/1983768862014-12-09 Central Library, BUET2014-12-092017-05-09 4 General Book
660_284201519400000_HOL_1983  Central Library, BUETCirculation section  660.2842015194/HOL/1983768872014-12-09 Central Library, BUET2014-12-092014-12-09 5 General Book